LDR 00663naa#a2200193#i#450# 001 EN\\bibl\120271 005 20260416203925.4 011 ## _a1819-4036 100 ## _a20210331b2021####ek#y0engy0150####ca 102 ## _aRU 200 1# _aWORKING OUT THE METHODS FOR THE SPECIFIC DIAGNOSTICS OF NODULAR DERMATITIS USING DIAGNOSTIC SMALLPOX IN SHEEP _eJournal article 210 1# _aKrasnoyarsk _cKrasnoyarsk State Agrarian University _d2021 215 ## _a5 с. 608 ## _aJournal article _2local 675 ## _aВирусология. 578 _z 700 #1 _aNikitin _gEvgeniy Borisovich 700 #1 _aProskurina _gLyudmila Ivanovna 700 #1 _aKulyk _gIl'ya Igorevich 856 4# _avestnik.kgau.ru _u